[Event "SenWM Bad Zwischenahn"]
[Site "?"]
[Date "2008.??.??"]
[Round "?"]
[White "Davydov, Sergey"]
[Black "Goy, Udo"]
[Result "1-0"]
[WhiteElo "2345"]
[BlackElo "2210"]
[PlyCount "75"]
[EventDate "2008.??.??"]

1. d4 Nf6 2. c4 e6 3. Nf3 d5 4. g3 c5 5. cxd5 Nxd5 6. Bg2 Be7 7. O-O O-O 8. Nc3
Nc6 9. e4 Nxc3 10. bxc3 Qa5 11. d5 Rd8 12. c4 Nb4 13. a3 Na6 14. Bd2 Qc7 15.
Bf4 Qa5 16. d6 Bf8 17. e5 Bd7 18. Bd2 Qa4 19. Qe2 Bc6 20. Rfb1 Rd7 21. Ng5 Bxg2
22. Qd3 g6 23. Kxg2 Bg7 24. Bc3 Qc6+ 25. Kg1 Nc7 26. Qe4 Qxe4 27. Nxe4 Na6 28.
f4 Kf8 29. Kf2 Rb8 30. Rb5 b6 31. Rab1 Rdb7 32. a4 Ke8 33. a5 Kd7 34. axb6 axb6
35. Ra1 Nb4 36. Bxb4 cxb4 37. Rxb4 Kc6 38. Ra6 1-0

[Event "SenWM Bad Zwischenahn"]
[Site "?"]
[Date "2008.??.??"]
[Round "?"]
[White "Bondick, Karl_Heinz"]
[Black "Postler, Reinhard"]
[Result "1/2-1/2"]
[WhiteElo "2175"]
[BlackElo "2315"]
[PlyCount "37"]
[EventDate "2008.??.??"]

1. d4 d5 2. e4 dxe4 3. Nc3 Nf6 4. f3 exf3 5. Nxf3 Bf5 6. Ne5 c6 7. g4 Be6 8.
Bg5 Nd5 9. Ne4 Nd7 10. Nd3 Bf5 11. Bg2 e6 12. Qe2 Be7 13. O-O O-O 14. h4 b5 15.
Bd2 Qb6 16. c3 a5 17. Kh1 Qc7 18. Rae1 Rae8 19. b3 1/2-1/2

[Event "SenWM Bad Zwischenahn"]
[Site "?"]
[Date "2008.??.??"]
[Round "?"]
[White "Rosen, Willy"]
[Black "Szymaniak, Horst"]
[Result "1-0"]
[WhiteElo "2305"]
[BlackElo "2130"]
[PlyCount "57"]
[EventDate "2008.??.??"]

1. e4 c5 2. Nf3 e6 3. d4 cxd4 4. Nxd4 a6 5. Bd3 Nc6 6. Nxc6 dxc6 7. f4 h5 8.
Be3 c5 9. Nd2 Nf6 10. Qf3 Bd7 11. Nc4 Bc6 12. Ne5 Qc7 13. O-O Be7 14. Nxc6 Qxc6
15. e5 Qxf3 16. Rxf3 Nd5 17. Bf2 g6 18. c4 Nc7 19. Be4 O-O-O 20. Rb3 b5 21.
cxb5 axb5 22. a4 c4 23. Rc3 Nd5 24. axb5 Nxc3 25. bxc3 Ba3 26. Bb6 Rd5 27. Bxd5
exd5 28. Rxa3 Kd7 29. Bd4 1-0

[Event "SenWM Bad Zwischenahn"]
[Site "?"]
[Date "2008.??.??"]
[Round "?"]
[White "Pekun, Cem"]
[Black "Brinck_Claussen, Bjorn"]
[Result "1/2-1/2"]
[WhiteElo "2125"]
[BlackElo "2275"]
[PlyCount "62"]
[EventDate "2008.??.??"]

1. c4 e5 2. g3 Nf6 3. Bg2 d5 4. cxd5 Nxd5 5. Nc3 Nb6 6. Nf3 Nc6 7. O-O Be7 8.
d3 O-O 9. Be3 Bg4 10. Rc1 Re8 11. Na4 Nd4 12. Bxd4 exd4 13. Nc5 Bxc5 14. Rxc5
Qd6 15. Rc1 c6 16. Re1 Rad8 17. h3 Be6 18. Qd2 h6 19. Qa5 Ra8 20. Nd2 Qd7 21.
Kh2 Bd5 22. Ne4 Qf5 23. Rc5 Nd7 24. Nd6 Qxf2 25. Rxd5 cxd5 26. Rf1 Qxe2 27.
Nxe8 Rxe8 28. Qxd5 Nf6 29. Qxd4 Re3 30. Qxa7 Rxd3 31. Qf2 Rd2 1/2-1/2

[Event "SenWM Bad Zwischenahn"]
[Site "?"]
[Date "2008.??.??"]
[Round "?"]
[White "Muratoglu, Salih"]
[Black "Loktiev, Ivan"]
[Result "1/2-1/2"]
[WhiteElo "2070"]
[BlackElo "2315"]
[PlyCount "40"]
[EventDate "2008.??.??"]

1. d4 Nf6 2. c4 e6 3. Nf3 b6 4. Nc3 Bb7 5. e3 Bb4 6. Bd2 O-O 7. Be2 c5 8. O-O
cxd4 9. Nxd4 Nc6 10. Bf3 Nxd4 11. Bxb7 Rb8 12. exd4 Rxb7 13. Rc1 d5 14. cxd5
Nxd5 15. Qf3 Rd7 16. Rfd1 Be7 17. Ne2 Qb8 18. a3 Rc8 19. Rxc8+ Qxc8 20. Rc1 Rc7
1/2-1/2

[Event "SenWM Bad Zwischenahn"]
[Site "?"]
[Date "2008.??.??"]
[Round "?"]
[White "Rickers, Gerhard"]
[Black "Boey, Jozef"]
[Result "0-1"]
[WhiteElo "2150"]
[BlackElo "2285"]
[PlyCount "25"]
[EventDate "2008.??.??"]

1. d4 d5 2. Nf3 Bg4 3. e3 Nc6 4. Be2 Nf6 5. Nbd2 e6 6. c3 Bd6 7. h3 Bh5 8. O-O
O-O 9. b3 Qe7 10. Bb2 e5 11. dxe5 Nxe5 12. Nxe5 Qxe5 13. Bxh5 0-1

[Event "SenWM Bad Zwischenahn"]
[Site "?"]
[Date "2008.??.??"]
[Round "?"]
[White "Kirchner, Karl_Heinz"]
[Black "Blaushtain, Boris"]
[Result "0-1"]
[WhiteElo "1905"]
[BlackElo "2155"]
[PlyCount "66"]
[EventDate "2008.??.??"]

1. d4 Nf6 2. Nf3 d5 3. Bf4 g6 4. e3 Bg7 5. Nbd2 O-O 6. Bd3 b6 7. Ne5 Bb7 8. Qf3
c5 9. c3 c4 10. Bc2 b5 11. a3 Qb6 12. Ng4 Nxg4 13. Qxg4 f5 14. Qh4 Bf6 15. Bg5
Nd7 16. Bxf6 exf6 17. O-O a5 18. Qg3 Kh8 19. Rfb1 Rac8 20. h4 Qc7 21. Qf3 h5
22. Bxf5 gxf5 23. Qxh5+ Kg7 24. Qxf5 Rh8 25. Nf3 Nf8 26. Kf1 Qd7 27. Qf4 Ng6
28. Qg3 Rce8 29. Ke2 Qf5 30. Rd1 Kf7 31. Qc7+ Re7 32. Qxa5 Nf4+ 33. Kf1 Nxg2
0-1

[Event "SenWM Bad Zwischenahn"]
[Site "?"]
[Date "2008.??.??"]
[Round "?"]
[White "Dornieden, Manfred Dr"]
[Black "Riek, Wolfgang"]
[Result "1-0"]
[WhiteElo "2265"]
[BlackElo "2060"]
[PlyCount "35"]
[EventDate "2008.??.??"]

1. c4 c5 2. Nf3 Nc6 3. d4 cxd4 4. Nxd4 Nf6 5. Nc3 g6 6. e4 Nxd4 7. Qxd4 Bg7 8.
e5 Ng8 9. Bf4 d6 10. O-O-O Nh6 11. Qd2 Nf5 12. g4 Nh4 13. Be2 h6 14. exd6 e5
15. Bg3 Bd7 16. Nd5 Bf6 17. Nxf6+ Qxf6 18. Qe3 1-0

[Event "SenWM Bad Zwischenahn"]
[Site "?"]
[Date "2008.??.??"]
[Round "?"]
[White "Khazankin, Moisei"]
[Black "Husser, Oskar"]
[Result "1-0"]
[WhiteElo "2145"]
[BlackElo "1975"]
[PlyCount "59"]
[EventDate "2008.??.??"]

1. e4 d5 2. exd5 Nf6 3. Bb5+ Bd7 4. Be2 Nxd5 5. d4 Bf5 6. Nf3 e6 7. O-O Be7 8.
a3 c6 9. c4 Nc7 10. Nc3 Bf6 11. h3 h6 12. Bf4 O-O 13. Qb3 b6 14. Rad1 Nba6 15.
Ne5 Bxe5 16. Bxe5 f6 17. Bg3 Qe8 18. Rd2 Rd8 19. Re1 Rf7 20. Bh5 g6 21. Bf3 Re7
22. Bxc7 Rxc7 23. g4 Rg7 24. gxf5 gxf5+ 25. Kh1 e5 26. Qd1 e4 27. Bh5 Qd7 28.
Rg1 Nc5 29. Rxg7+ Qxg7 30. dxc5 1-0

[Event "SenWM Bad Zwischenahn"]
[Site "?"]
[Date "2008.??.??"]
[Round "?"]
[White "Kraft, Gerhard"]
[Black "Korenevski, Oleg"]
[Result "1-0"]
[WhiteElo "2105"]
[BlackElo "1930"]
[PlyCount "29"]
[EventDate "2008.??.??"]

1. e4 c5 2. Nf3 d6 3. c3 Bg4 4. d4 Bxf3 5. Qxf3 cxd4 6. cxd4 Qb6 7. Qc3 Nf6 8.
Qc8+ Qd8 9. Qxb7 Nbd7 10. Nc3 Qb8 11. Qc6 Qc8 12. d5 g6 13. Ba6 Qxc6 14. dxc6
Ne5 15. Bb7 1-0

[Event "SenWM Bad Zwischenahn"]
[Site "?"]
[Date "2008.??.??"]
[Round "?"]
[White "Filzmaier, Bruno"]
[Black "Erhart, Uwe"]
[Result "0-1"]
[WhiteElo "1960"]
[BlackElo "2105"]
[PlyCount "52"]
[EventDate "2008.??.??"]

1. a3 e5 2. e3 d5 3. d4 Nd7 4. c4 exd4 5. Qxd4 dxc4 6. Bxc4 Ngf6 7. Nf3 Bc5 8.
Qh4 O-O 9. O-O Qe7 10. b4 Bd6 11. Bb2 Ne5 12. Nxe5 Bxe5 13. Bxe5 Qxe5 14. Nd2
Bg4 15. h3 Bh5 16. g4 Bg6 17. g5 Ne4 18. Nxe4 Bxe4 19. f4 Qc3 20. Ba2 Qxe3+ 21.
Rf2 Rad8 22. Bc4 Rd2 23. Raf1 Bf5 24. Kh2 Rfd8 25. Qg3 Qe4 26. Qc3 Qxf4+ 0-1

[Event "SenWM Damen Bad Zwischenahn"]
[Site "?"]
[Date "2008.??.??"]
[Round "?"]
[White "Saunina, Ludmilla"]
[Black "Strutinskaya, Galina"]
[Result "1/2-1/2"]
[WhiteElo "2295"]
[BlackElo "2280"]
[PlyCount "67"]
[EventDate "2008.??.??"]

1. e4 c5 2. Nf3 Nc6 3. d4 cxd4 4. Nxd4 Nf6 5. Nc3 e5 6. Ndb5 d6 7. Bg5 a6 8.
Na3 b5 9. Nd5 Be7 10. Bxf6 Bxf6 11. c3 Bg5 12. Nc2 O-O 13. h4 Bh6 14. g4 Bf4
15. g5 Rb8 16. Bd3 a5 17. a3 Be6 18. Qf3 Rb7 19. Nxf4 exf4 20. Qxf4 Ne5 21. Be2
Bc4 22. Ne3 Re8 23. Rd1 Qb8 24. h5 d5 25. Kf1 dxe4 26. Qxe4 Bxe2+ 27. Kxe2 Nc4
28. Qd4 Rbe7 29. h6 Qe5 30. Rh3 Nxb2 31. Rdh1 Nc4 32. Qxe5 Rxe5 33. hxg7 Nxe3
34. fxe3 1/2-1/2

[Event "SenWM Damen Bad Zwischenahn"]
[Site "?"]
[Date "2008.??.??"]
[Round "?"]
[White "Voronova, Tatjana"]
[Black "Erenska_Barlo, Hanna"]
[Result "1/2-1/2"]
[WhiteElo "2225"]
[BlackElo "2270"]
[PlyCount "41"]
[EventDate "2008.??.??"]

1. e4 e6 2. d4 d5 3. Nc3 dxe4 4. Nxe4 Nd7 5. Bd3 Ngf6 6. Qe2 c5 7. Nxf6+ Nxf6
8. dxc5 Bxc5 9. Nf3 a6 10. O-O Qc7 11. c3 Bd6 12. Re1 Bd7 13. Ne5 Bxe5 14. Qxe5
Qxe5 15. Rxe5 Bc6 16. f3 Nd7 17. Re1 Nc5 18. Bc2 O-O-O 19. Be3 Nd3 20. Bxd3
Rxd3 21. Rad1 1/2-1/2

[Event "SenWM Damen Bad Zwischenahn"]
[Site "?"]
[Date "2008.??.??"]
[Round "?"]
[White "Epstein, Esther"]
[Black "Fomina, Tatyana"]
[Result "1/2-1/2"]
[WhiteElo "2155"]
[BlackElo "2210"]
[PlyCount "37"]
[EventDate "2008.??.??"]

1. e4 c5 2. Nf3 e6 3. d4 cxd4 4. Nxd4 Nc6 5. Nb5 d6 6. c4 Nf6 7. N1c3 a6 8. Na3
Be7 9. Be2 O-O 10. O-O b6 11. b3 Bb7 12. Bb2 d5 13. cxd5 exd5 14. Nxd5 Nxd5 15.
exd5 Nb4 16. d6 Qxd6 17. Qxd6 Bxd6 18. Nc4 Bc5 19. a3 1/2-1/2

[Event "SenWM Damen Bad Zwischenahn"]
[Site "?"]
[Date "2008.??.??"]
[Round "?"]
[White "Zaytseva, Tamara"]
[Black "Komysheva, Margarita"]
[Result "1/2-1/2"]
[WhiteElo "2275"]
[BlackElo "2100"]
[PlyCount "48"]
[EventDate "2008.??.??"]

1. f4 c5 2. Nf3 Nc6 3. e3 g6 4. Bb5 Bg7 5. O-O e6 6. Bxc6 bxc6 7. Nc3 Ne7 8.
Ne4 d6 9. c3 O-O 10. Kh1 a5 11. d4 cxd4 12. exd4 h5 13. Qe1 Nf5 14. Ng3 Ba6 15.
Rg1 Re8 16. Qf2 Rb8 17. Re1 Qc7 18. Nxf5 exf5 19. Rxe8+ Rxe8 20. Be3 Bd3 21.
Re1 Be4 22. Nd2 Bf6 23. Nxe4 Rxe4 24. Bd2 Qe7 1/2-1/2

[Event "SenWM Damen Bad Zwischenahn"]
[Site "?"]
[Date "2008.??.??"]
[Round "?"]
[White "Kierzek, Mira"]
[Black "Dotan, Valerie"]
[Result "0-1"]
[WhiteElo "2010"]
[BlackElo "2120"]
[PlyCount "104"]
[EventDate "2008.??.??"]

1. d4 Nf6 2. Nf3 e6 3. c4 b6 4. g3 Ba6 5. Qb3 c6 6. Bg2 d5 7. Nbd2 Be7 8. O-O
O-O 9. Qc2 Nbd7 10. Re1 c5 11. cxd5 exd5 12. a3 Bb7 13. b3 Rc8 14. Qa2 Ne4 15.
Bb2 Bf6 16. Nf1 Re8 17. Rac1 g6 18. Qa1 Ba6 19. Ne3 Nf8 20. Ng4 c4 21. bxc4
Bxc4 22. Nxf6+ Qxf6 23. Qb1 Qf5 24. Ba1 b5 25. Qb2 f6 26. Rf1 Nd7 27. Nh4 Qe6
28. Rfe1 a5 29. e3 Rb8 30. Bf1 Rb6 31. Qc2 g5 32. Ng2 Qf5 33. f4 Reb8 34. Be2
Rc6 35. g4 Qe6 36. f5 Qd6 37. Bb2 Kf7 38. Bd3 Re8 39. Qe2 Nb6 40. Qc2 Kg7 41.
Red1 Qd7 42. Rf1 b4 43. axb4 axb4 44. Rfe1 Rc7 45. Red1 Qb5 46. Ne1 Ree7 47.
Kg2 Na4 48. Qe2 Nd6 49. Rb1 Qe8 50. Bc1 Rb7 51. Nc2 Nc3 52. Qd2 Nxb1 0-1

[Event "SenWM Bad Zwischenahn"]
[Site "?"]
[Date "2008.??.??"]
[Round "?"]
[White "Zakharov, Alexander"]
[Black "Rooze, Jan"]
[Result "1/2-1/2"]
[WhiteElo "2410"]
[BlackElo "2315"]
[PlyCount "38"]
[EventDate "2008.??.??"]

1. Nf3 Nf6 2. c4 c5 3. Nc3 e6 4. g3 b6 5. Bg2 Bb7 6. O-O Be7 7. b3 O-O 8. Bb2
a6 9. Rc1 Ra7 10. d4 d6 11. d5 exd5 12. cxd5 Bc8 13. e4 Bg4 14. h3 Bxf3 15.
Qxf3 Ne8 16. Nd1 Bf6 17. Bxf6 Nxf6 18. Qd3 Re8 19. Re1 Nbd7 1/2-1/2

[Event "SenWM Bad Zwischenahn"]
[Site "?"]
[Date "2008.??.??"]
[Round "?"]
[White "Klovans, Janis"]
[Black "Rosen, Willy"]
[Result "1-0"]
[WhiteElo "2410"]
[BlackElo "2305"]
[PlyCount "49"]
[EventDate "2008.??.??"]

1. e4 c5 2. Nf3 Nc6 3. d4 cxd4 4. Nxd4 Qb6 5. Nb3 Nf6 6. Nc3 e6 7. Bd3 d6 8.
O-O Be7 9. Be3 Qc7 10. f4 a6 11. Qf3 O-O 12. g4 b5 13. g5 Nd7 14. Qh5 g6 15.
Qh6 Re8 16. Rf3 Bf8 17. Qh4 Bg7 18. Rh3 Nf8 19. Rf1 Nb4 20. Qf2 Nd7 21. f5 exf5
22. exf5 Ne5 23. Qh4 Nexd3 24. Qxh7+ Kf8 25. f6 1-0

[Event "SenWM Bad Zwischenahn"]
[Site "?"]
[Date "2008.??.??"]
[Round "?"]
[White "Mueller, Rudolf"]
[Black "Bogdanov, Valentin"]
[Result "0-1"]
[WhiteElo "2230"]
[BlackElo "2380"]
[PlyCount "96"]
[EventDate "2008.??.??"]

1. e4 Nf6 2. e5 Nd5 3. d4 d6 4. c4 Nb6 5. exd6 exd6 6. h3 Be7 7. Nf3 O-O 8. Bd3
Nc6 9. a3 Bf6 10. Be3 d5 11. c5 Nc4 12. Bxc4 dxc4 13. g4 Re8 14. O-O g6 15. Nc3
h5 16. d5 hxg4 17. dxc6 Qxd1 18. Rfxd1 gxf3 19. Nd5 Be5 20. Bf4 bxc6 21. Nxc7
Bxf4 22. Nxe8 Bxh3 23. Nd6 Kg7 24. Nxc4 Rh8 25. Ne3 Be6 26. Nf1 Be5 27. Rd2 Rh5
28. Ng3 Bxg3 29. fxg3 Rxc5 30. Kf2 Bd5 31. Re1 a5 32. Re3 f5 33. Rc3 Rb5 34.
Ke3 Kf6 35. Kd4 g5 36. Rc5 Rxc5 37. Kxc5 g4 38. Kd4 f4 39. gxf4 g3 40. Ke3 f2
41. Rxf2 gxf2 42. Kxf2 Kf5 43. Ke3 a4 44. Kd2 Kxf4 45. Kc2 Ba2 46. Kd3 c5 47.
Kd2 Ke5 48. Ke3 Bb1 0-1

[Event "SenWM Bad Zwischenahn"]
[Site "?"]
[Date "2008.??.??"]
[Round "?"]
[White "Rotstein, Efim"]
[Black "Jorgensen, Jorgen"]
[Result "1-0"]
[WhiteElo "2380"]
[BlackElo "2250"]
[PlyCount "133"]
[EventDate "2008.??.??"]

1. Nf3 f5 2. g3 Nf6 3. Bg2 g6 4. O-O Bg7 5. d4 O-O 6. c4 d6 7. Nc3 Qe8 8. b3 e5
9. dxe5 dxe5 10. Ba3 Rf7 11. e4 c6 12. Bd6 Nxe4 13. Nxe4 fxe4 14. Ng5 Rd7 15.
Nxe4 Rd8 16. Qe2 Bf5 17. Rad1 Nd7 18. Bc7 Bxe4 19. Qxe4 Rdc8 20. Bd6 Nf8 21. h4
Rd8 22. Bh3 Ne6 23. f4 Nd4 24. Bxe5 c5 25. Rde1 Qe7 26. Bg2 Rd7 27. Bxg7 Qxe4
28. Rxe4 Kxg7 29. Re5 Rc7 30. h5 Rd8 31. Rfe1 Rdd7 32. hxg6 hxg6 33. Bd5 Kf6
34. g4 Rxd5 35. Rxd5 Nf3+ 36. Kf2 Nxe1 37. Kxe1 b6 38. Kf2 Ke6 39. Re5+ Kf6 40.
g5+ Kf7 41. Kf3 Rd7 42. Rd5 Re7 43. Rd6 Kg7 44. f5 gxf5 45. Kf4 Re2 46. Kxf5
Rf2+ 47. Ke6 Rxa2 48. Kd7 Ra3 49. Rd3 Kg6 50. Rg3 a5 51. Rd3 Kxg5 52. Kc6 Kf4
53. Kxb6 a4 54. Kxc5 axb3 55. Rd8 Ke4 56. Rb8 Kd3 57. Kb4 Ra1 58. Kc5 Kc3 59.
Rh8 Rc1 60. Rh3+ Kb2 61. Kb4 Rg1 62. Rxb3+ Kc2 63. Rh3 Rb1+ 64. Kc5 Rb8 65. Kd6
Rd8+ 66. Kc7 Rd4 67. c5 1-0

[Event "SenWM Bad Zwischenahn"]
[Site "?"]
[Date "2008.??.??"]
[Round "?"]
[White "Podgayets, Mykhaylo"]
[Black "Chehlov, Aleksander"]
[Result "1-0"]
[WhiteElo "2465"]
[BlackElo "2250"]
[PlyCount "75"]
[EventDate "2008.??.??"]

1. d4 Nf6 2. Nf3 g6 3. g3 Bg7 4. c4 d6 5. Bg2 O-O 6. Nc3 Nbd7 7. O-O e5 8. e4
c6 9. Be3 Re8 10. h3 exd4 11. Nxd4 Nc5 12. Qc2 a5 13. Rad1 Qe7 14. Rfe1 Nfd7
15. f4 a4 16. Bf2 Nf8 17. b4 axb3 18. axb3 h5 19. b4 Ncd7 20. Na4 Bh6 21. Nf3
Ne6 22. Nc3 Bg7 23. Rd3 Qf8 24. Red1 Ra3 25. Qb2 Rxc3 26. Rxc3 c5 27. b5 Nb6
28. Qb3 Bxc3 29. Qxc3 Nc7 30. e5 dxe5 31. Nxe5 Qe7 32. Qa5 Nca8 33. Qa3 Be6 34.
Bxc5 Qc7 35. Qb4 Nxc4 36. Nxc4 b6 37. Nd6 bxc5 38. Nxe8 1-0

[Event "SenWM Bad Zwischenahn"]
[Site "?"]
[Date "2008.??.??"]
[Round "?"]
[White "Niebling, Ferdinand"]
[Black "Altshul, Raffael"]
[Result "1/2-1/2"]
[WhiteElo "2185"]
[BlackElo "2340"]
[PlyCount "84"]
[EventDate "2008.??.??"]

1. d4 Nf6 2. c4 e6 3. Nc3 Bb4 4. f3 Nc6 5. Nh3 d5 6. e3 O-O 7. Nf2 dxc4 8. Bxc4
e5 9. dxe5 Nxe5 10. Qxd8 Rxd8 11. Be2 Nd5 12. Bd2 Nxc3 13. Bxc3 Bxc3+ 14. bxc3
Be6 15. Rb1 b6 16. Rb2 Nc4 17. Bxc4 Bxc4 18. a3 Rd7 19. Rd2 Rad8 20. Rd4 Bb5
21. Kd2 c5 22. Rxd7 Rxd7+ 23. Kc1 Ba4 24. Re1 Kf8 25. Re2 Ke7 26. Rd2 Rc7 27.
e4 g5 28. Ng4 Bd7 29. Ne3 Be6 30. c4 Rc8 31. Kc2 h5 32. Kc3 f6 33. Rd1 h4 34.
h3 Rb8 35. Nd5+ Bxd5 36. exd5 Kd7 37. Re1 b5 38. cxb5 Rxb5 39. Re6 Rb6 40. Kc4
Rb2 41. Kxc5 Rc2+ 42. Kd4 Rxg2 1/2-1/2

[Event "SenWM Bad Zwischenahn"]
[Site "?"]
[Date "2008.??.??"]
[Round "?"]
[White "Sorokin, Valentin"]
[Black "Zhelesny, Stanislav"]
[Result "1-0"]
[WhiteElo "2325"]
[BlackElo "2180"]
[PlyCount "101"]
[EventDate "2008.??.??"]

1. d4 Nf6 2. Nf3 g6 3. Bg5 Bg7 4. Nbd2 d5 5. e3 O-O 6. Bd3 Nbd7 7. O-O c5 8. c3
b6 9. Rb1 Bb7 10. b4 c4 11. Bc2 b5 12. a4 a6 13. Qe2 Ne4 14. Nxe4 dxe4 15. Nd2
f6 16. Bf4 g5 17. Bg3 f5 18. f3 exf3 19. Nxf3 e6 20. Bd6 Re8 21. Nd2 Nb6 22.
Bc5 Nd5 23. axb5 Nxc3 24. Qh5 Qf6 25. bxa6 Bxa6 26. Ne4 Nxe4 27. Bxe4 Rab8 28.
Bc6 Rec8 29. b5 Bb7 30. Bd6 Bxc6 31. bxc6 Ra8 32. c7 Qf7 33. Qxg5 Rxc7 34. Bxc7
Qxc7 35. d5 h6 36. Qg6 exd5 37. Rxf5 Rd8 38. Qe6+ Kh8 39. Rxd5 Rxd5 40. Qxd5 c3
41. Rb7 Qc8 42. Rd7 Qa6 43. Rd8+ Kh7 44. Qf5+ Qg6 45. g4 Qxf5 46. gxf5 Be5 47.
Rc8 Kg7 48. Rc6 h5 49. h3 Kf7 50. Kf2 Bf6 51. Ke2 1-0

[Event "SenWM Bad Zwischenahn"]
[Site "?"]
[Date "2008.??.??"]
[Round "?"]
[White "Postler, Reinhard"]
[Black "Hvenekilde, Jorgen"]
[Result "1/2-1/2"]
[WhiteElo "2315"]
[BlackElo "2165"]
[PlyCount "34"]
[EventDate "2008.??.??"]

1. e4 e5 2. Nf3 Nf6 3. Nxe5 d6 4. Nf3 Nxe4 5. d4 d5 6. Bd3 Be7 7. O-O O-O 8.
Re1 Bf5 9. c4 c6 10. Nc3 Nxc3 11. bxc3 Bxd3 12. Qxd3 dxc4 13. Qxc4 Nd7 14. Rb1
Nb6 15. Qb3 Bf6 16. Ba3 Re8 17. c4 Rxe1+ 1/2-1/2

[Event "SenWM Bad Zwischenahn"]
[Site "?"]
[Date "2008.??.??"]
[Round "?"]
[White "Kool, Gerard"]
[Black "Pape, Manfred"]
[Result "1/2-1/2"]
[WhiteElo "2155"]
[BlackElo "2300"]
[PlyCount "27"]
[EventDate "2008.??.??"]

1. Nf3 Nf6 2. g3 g6 3. Bg2 Bg7 4. c4 d6 5. Nc3 O-O 6. d3 Nc6 7. Rb1 e5 8. Bg5
h6 9. Bxf6 Bxf6 10. Nd5 Bg7 11. b4 Re8 12. O-O Be6 13. Nd2 Nd4 14. e3 1/2-1/2

[Event "SenWM Bad Zwischenahn"]
[Site "?"]
[Date "2008.??.??"]
[Round "?"]
[White "Stull, Norbert"]
[Black "Brinck_Claussen, Bjorn"]
[Result "0-1"]
[WhiteElo "2140"]
[BlackElo "2275"]
[PlyCount "66"]
[EventDate "2008.??.??"]

1. d4 Nf6 2. Nf3 g6 3. c4 Bg7 4. Nc3 d5 5. cxd5 Nxd5 6. e4 Nxc3 7. bxc3 c5 8.
Rb1 a6 9. Be2 Qa5 10. O-O Qxa2 11. Be3 cxd4 12. cxd4 O-O 13. d5 Nd7 14. Bd4 Qa5
15. Bxg7 Kxg7 16. Qd4+ Kg8 17. Rfc1 b5 18. Ra1 Qb6 19. Qd2 Bb7 20. e5 Rfd8 21.
Rd1 Rac8 22. Qh6 Nf8 23. Ng5 Rxd5 24. e6 fxe6 25. Bg4 Rf5 26. Bxf5 exf5 27.
Rac1 Rxc1 28. Rxc1 b4 29. h4 b3 30. h5 b2 31. Rb1 Qc6 32. f3 Qc1+ 33. Kh2 Bd5
0-1

[Event "SenWM Bad Zwischenahn"]
[Site "?"]
[Date "2008.??.??"]
[Round "?"]
[White "Tseitlin, Mark"]
[Black "Gerhardt, Peter_Michael"]
[Result "1-0"]
[WhiteElo "2435"]
[BlackElo "2155"]
[PlyCount "49"]
[EventDate "2008.??.??"]

1. e4 g6 2. d4 Bg7 3. Nc3 d6 4. f4 e6 5. Nf3 Ne7 6. Be3 Nd7 7. Qd2 c6 8. Bd3
Qc7 9. O-O-O b5 10. e5 d5 11. g4 Nb6 12. Qe1 b4 13. Ne2 a5 14. Ng3 Nc4 15. Bxc4
dxc4 16. Ne4 Ba6 17. Nd6+ Kd7 18. f5 Nd5 19. Nxf7 Rhb8 20. N3g5 gxf5 21. gxf5
exf5 22. Qf2 Ke7 23. Nd6 Rf8 24. Nxh7 f4 25. Nxf8 1-0

[Event "SenWM Bad Zwischenahn"]
[Site "?"]
[Date "2008.??.??"]
[Round "?"]
[White "Loktiev, Ivan"]
[Black "Ashby, Anthony"]
[Result "1/2-1/2"]
[WhiteElo "2315"]
[BlackElo "2150"]
[PlyCount "60"]
[EventDate "2008.??.??"]

1. d4 f5 2. g3 Nf6 3. Bg2 g6 4. Nf3 Bg7 5. O-O d6 6. c4 O-O 7. Nc3 c6 8. Rb1
Qc7 9. d5 e5 10. dxe6 Bxe6 11. Bf4 Ne8 12. c5 Be5 13. Ng5 Bc8 14. cxd6 Bxd6 15.
Qb3+ Kg7 16. Bxd6 Qxd6 17. Rbd1 Qf6 18. Nf3 Na6 19. Rd4 Nc5 20. Qa3 Ne6 21. Rd2
Nd8 22. Rfd1 Nf7 23. b4 Ned6 24. Rd4 a6 25. Na4 Nb5 26. Qd3 Nxd4 27. Nxd4 Rd8
28. e3 a5 29. b5 cxb5 30. Qxb5 Bd7 1/2-1/2

[Event "SenWM Bad Zwischenahn"]
[Site "?"]
[Date "2008.??.??"]
[Round "?"]
[White "Bachmann, Karlheinz"]
[Black "Khazankin, Moisei"]
[Result "1-0"]
[WhiteElo "2275"]
[BlackElo "2145"]
[PlyCount "61"]
[EventDate "2008.??.??"]

1. c4 c5 2. Nf3 Nc6 3. Nc3 e5 4. g3 g6 5. Bg2 Bg7 6. O-O Nge7 7. d3 d6 8. a3 a5
9. Ne1 Be6 10. Nd5 O-O 11. Nc2 Rb8 12. b4 e4 13. Bg5 axb4 14. axb4 Bxd5 15.
cxd5 Bxa1 16. Qxa1 Ne5 17. dxe4 f6 18. Bh6 Rf7 19. bxc5 Qd7 20. cxd6 Nc8 21. f4
Ng4 22. Bh3 f5 23. Bxg4 fxg4 24. e5 b5 25. e6 Qa7+ 26. Qxa7 Rxa7 27. d7 Nd6 28.
Nb4 Nf5 29. Nc6 Raa8 30. Nxb8 Rxb8 31. Bg5 1-0

[Event "SenWM Bad Zwischenahn"]
[Site "?"]
[Date "2008.??.??"]
[Round "?"]
[White "Hocevar, Nicola"]
[Black "Klein, Manfred"]
[Result "1/2-1/2"]
[WhiteElo "2110"]
[BlackElo "2230"]
[PlyCount "27"]
[EventDate "2008.??.??"]

1. d4 Nf6 2. Nf3 g6 3. g3 Bg7 4. Bg2 c5 5. c3 cxd4 6. cxd4 O-O 7. O-O d6 8. Nc3
Nc6 9. h3 Bd7 10. Be3 a6 11. Rc1 Qa5 12. a3 Rfc8 13. d5 Na7 14. Nd4 1/2-1/2

[Event "SenWM Bad Zwischenahn"]
[Site "?"]
[Date "2008.??.??"]
[Round "?"]
[White "Hohn, August"]
[Black "Buxade Roca, Guillermo"]
[Result "0-1"]
[WhiteElo "2090"]
[BlackElo "2210"]
[PlyCount "37"]
[EventDate "2008.??.??"]

1. c4 e5 2. Nc3 Nc6 3. g3 g6 4. Bg2 Bg7 5. Nf3 d6 6. O-O Nge7 7. Nd5 O-O 8. d3
h6 9. e3 Nxd5 10. cxd5 Ne7 11. Qb3 c6 12. Nd2 cxd5 13. Bxd5 Nxd5 14. Qxd5 Be6
15. Qxb7 d5 16. d4 exd4 17. exd4 Bxd4 18. Qb4 Qf6 19. Nf3 0-1

[Event "SenWM Bad Zwischenahn"]
[Site "?"]
[Date "2008.??.??"]
[Round "?"]
[White "Hellwege, Werner"]
[Black "Rickers, Gerhard"]
[Result "1/2-1/2"]
[WhiteElo "2015"]
[BlackElo "2150"]
[PlyCount "35"]
[EventDate "2008.??.??"]

1. d4 d5 2. c4 c6 3. Nf3 Nf6 4. Nbd2 Bf5 5. g3 Nbd7 6. Bg2 h6 7. O-O e6 8. b3
Bd6 9. Bb2 O-O 10. Ne5 Qc7 11. Nxd7 Qxd7 12. Rc1 Rfe8 13. Nf3 Qe7 14. e3 Ba3
15. Qe2 Bxb2 16. Qxb2 Be4 17. Ne5 Bxg2 18. Kxg2 1/2-1/2

[Event "SenWM Bad Zwischenahn"]
[Site "?"]
[Date "2008.??.??"]
[Round "?"]
[White "Gierse, Heinz_Dieter Dr"]
[Black "Geisler, Reinhard"]
[Result "1/2-1/2"]
[WhiteElo "2145"]
[BlackElo "2005"]
[PlyCount "38"]
[EventDate "2008.??.??"]

1. Nf3 Nf6 2. g3 c5 3. Bg2 g6 4. d3 Nc6 5. O-O Bg7 6. e4 d6 7. Nbd2 O-O 8. c3
e5 9. a4 h6 10. Qe2 Be6 11. h3 Qc7 12. Nh4 Nh5 13. Nf5 Nf4 14. gxf4 gxf5 15.
Qh5 Ne7 16. fxe5 dxe5 17. exf5 Bxf5 18. Nf3 Bg6 19. Qh4 Nf5 1/2-1/2

[Event "SenWM Bad Zwischenahn"]
[Site "?"]
[Date "2008.??.??"]
[Round "?"]
[White "Van Kemenade, Rudy"]
[Black "Achenbach, Manfred"]
[Result "1/2-1/2"]
[WhiteElo "1985"]
[BlackElo "2140"]
[PlyCount "70"]
[EventDate "2008.??.??"]

1. f4 d5 2. Nf3 g6 3. g3 Bg7 4. Bg2 c5 5. d3 Nf6 6. O-O O-O 7. h3 Nc6 8. c3 Qc7
9. Na3 a6 10. Qe1 b5 11. g4 e6 12. e4 b4 13. Nc2 bxc3 14. bxc3 Nd7 15. e5 Rb8
16. g5 a5 17. Nh2 Ba6 18. Qg3 Ne7 19. Ng4 Nf5 20. Qf3 d4 21. c4 Bb7 22. Qf2
Bxg2 23. Kxg2 Qc6+ 24. Kh2 h5 25. Nf6+ Bxf6 26. gxf6 Kh7 27. Ne1 Rb4 28. Nc2
Rb7 29. Na3 Nb8 30. Nb5 Na6 31. a4 Nb4 32. Qe2 Rd7 33. Rg1 Nh4 34. Kg3 Nf5+ 35.
Kh2 Nh4 1/2-1/2

[Event "SenWM Bad Zwischenahn"]
[Site "?"]
[Date "2008.??.??"]
[Round "?"]
[White "Andreas, Günter"]
[Black "Budt, Karl_Heinz"]
[Result "0-1"]
[WhiteElo "1975"]
[BlackElo "2125"]
[PlyCount "34"]
[EventDate "2008.??.??"]

1. e4 c5 2. Nf3 e6 3. d4 cxd4 4. Nxd4 Nf6 5. Nc3 Nc6 6. Be3 Bb4 7. Nxc6 bxc6 8.
Bd2 d5 9. e5 Nd7 10. Qg4 Bxc3 11. bxc3 g6 12. Bh6 Qa5 13. Qb4 Qc7 14. f4 Rb8
15. Qa3 Qb6 16. Qd6 Qe3+ 17. Be2 Ba6 0-1